000 00337 a2200157 4500
001 62605
020 _a9788590391951
040 _cAnchieta - Pituba
100 _aVasconcellos, Djalma
240 1 0 _aJoaquim Nabuco
_lpor
245 1 0 _aJoaquim Nabuco
300 _a212
362 0 _a2012
650 4 _aFicção brasileira
942 _cBK
999 _c62605
_d62605